000 00493nam a22001697a 4500
005 20240116083944.0
008 231116b |||||||| |||| 00| 0 eng d
020 _a0702102857
041 _aEnglish / Afrikaans
082 _a343.9 VOS
100 _lEnglish
245 _aWaterhofverslae /
_cedited by WJ Vos
260 _aCape Town :
_bJuta and Company Ltd,
_c1971
300 _bix, 442 pages ;
_c26 cm.
650 _aLegal practice
_bLaw
942 _cBK
_6ALISON_BN_VRIES
999 _c733
_d733